| 000 | 01063nam a22002537a 4500 | ||
|---|---|---|---|
| 003 | BD-DhSAU | ||
| 005 | 20190101103434.0 | ||
| 008 | 151029b2014 bg ||||| |||| 001 0 eng d | ||
| 040 | _aBD-DhSAU | ||
| 082 |
_222 _a581.15 _bO57 |
||
| 100 |
_aOmy, Sumaiya Haque _eRegistration # 12-05245 |
||
| 245 |
_aCombining ability and gene action in A 7x7 F2 half diallel population of brassica napus L / _bMS thesis |
||
| 260 |
_aSher-e-Bangla Agricultural Uniersity : _bDepartment of Genetics & Plant Breeding , _c2014 |
||
| 300 |
_axvii, 92 p. : _bill. ; _c30 cm. |
||
| 500 | _aMS thesis of Department of Genetics & Plant Breeding, Faculty of Agriculture, Sher-e-Bangla Agricultural University, Dhaka, Bangladesh | ||
| 590 | _aMd. Sirajul Islam | ||
| 650 | _a Genetics & Plant Breeding | ||
| 650 | _aCombining | ||
| 650 | _aPopulation | ||
| 700 |
_aMahmud, Firoz _eSupervisor |
||
| 700 |
_aBhuiyan, Md. Shahidur Rashid _eCo-Supervisor |
||
| 856 |
_uhttp://archive.saulibrary.edu.bd:8080/xmlui/handle/123456789/1060 _yOnline Access |
||
| 942 |
_2ddc _cTHESIS |
||
| 999 |
_c13193 _d13192 |
||